000 00725nam a2200181Ia 4500
003 GCL
008 140319s9999 xx 000 0 ara d
040 _aGCL /
_cGCL
082 0 4 _a415.1
_bس ل
100 1 _aالسرمرى , جمال الدين ابو المظفر يوسف بن محمد بن مسعود محمد العبادى العقيلى
245 1 0 _aاللؤلؤة فى علم العربية وشرحها /
_cالسرمرى , جمال الدين ابو المظفر يوسف بن محمد بن مسعود محمد العبادى العقيلى
700 1 _aامين عبد الله سالم
300 _a446 ص
490 _a
650 0 4 _aالنحو
650 0 4 _aاللغة العربية
942 _2ddc
_cBK
999 _c37650
_d37650